书目信息 |
| 题名: |
Protel 99 SE原理图与PCB及仿真
|
|
| 作者: | ;清源计算机工作室 编著 | |
| 分册: | ||
| 出版信息: | 北京 机械工业出版社 2004 |
|
| 页数: | 287页 | |
| 开本: | 26cm | |
| 丛书名: | 信息科学与技术丛书 | |
| 单 册: | ||
| 中图分类: | TN410.2 | |
| 科图分类: | ||
| 主题词: | 印刷电路--计算机辅助设计 , 印刷电路 , 计算机辅助设计 | |
| 电子资源: | ||
| ISBN: | 7-111-13225-4 | |
| 000 | 01004oam2 2200289 450 | |
| 001 | 002542741 | |
| 005 | 20080229101800.32 | |
| 010 | @a7-111-13225-4@dCNY28.00 | |
| 100 | @a20071226e20072004em y0chiy0110 ea | |
| 101 | 0 | @achi |
| 102 | @aCN@b110000 | |
| 105 | @ay z 000yy | |
| 106 | @ar | |
| 200 | 1 | @aProtel 99 SE原理图与PCB及仿真@AProtel 99 SE yuan li tu yu PCB ji fang zhen@f清源计算机工作室编著 |
| 210 | @a北京@c机械工业出版社@d2004@h2007重印 | |
| 215 | @a287页@d26cm | |
| 225 | 2 | @a信息科学与技术丛书@i电子工程系列 |
| 330 | @a本书从实用出发,全面介绍Protel 99 SE 界面、基本组成以及使用环境等,并详细讲述电路原理图、印制电路板的设计方法及电路仿真。 | |
| 462 | 0 | @1001002347655@12001 @a信息科学与技术丛书@i电子工程系列 |
| 606 | 0 | @a印刷电路@x计算机辅助设计 |
| 606 | 0 | @a印刷电路 |
| 606 | 0 | @a计算机辅助设计 |
| 610 | 0 | @aProtel |
| 690 | @aTN410.2@v4 | |
| 711 | 02 | @a清源计算机工作室@Aqing yuan ji suan ji gong zuo shi@4编著 |
| 801 | 0 | @aCN@bNLC@c20080229 |
| 905 | @dTN410.2@e120@f4 | |
| Protel 99 SE原理图与PCB及仿真/清源计算机工作室编著.-北京:机械工业出版社,2004(2007重印) |
| 287页;26cm.-(信息科学与技术丛书.电子工程系列) |
| ISBN 7-111-13225-4:CNY28.00 |
| 本书从实用出发,全面介绍Protel 99 SE 界面、基本组成以及使用环境等,并详细讲述电路原理图、印制电路板的设计方法及电路仿真。 |
| ● |
| 相关链接 |
|
|
|
|
正题名:Protel 99 SE原理图与PCB及仿真
索取号:TN410.2/120
 
预约/预借
| 序号 | 登录号 | 条形码 | 馆藏地/架位号 | 状态 | 备注 |
| 1 | 0793290 | 207932905 | 第二样本阅览室/ [索取号:TN410.2/120] | 在馆 | |
| 2 | 0793291 | 207932914 | 第三借阅区/ [索取号:TN410.2/120] | 在馆 | |
| 3 | 0793292 | 207932923 | 第三借阅区/ [索取号:TN410.2/120] | 在馆 | |
| 4 | 0793293 | 207932932 | 第三借阅区/ [索取号:TN410.2/120] | 在馆 |